[Event "Open A"]
[Site "Gjovik NOR"]
[Date "2009.01.02"]
[Round "5"]
[White "Lovik,L"]
[Black "Urkedal,F"]
[Result "1/2-1/2"]
[WhiteElo "2167"]
[BlackElo "2316"]

1.e4 c5 2.Nf3 d6 3.Bb5+ Bd7 4.Bxd7+ Qxd7 5.O-O Nc6 6.c3 e6 7.d4 cxd4 8.cxd4 d5
9.exd5 exd5 10.Nc3 Be7 11.Re1 Rd8 12.Qd3 Nf6 13.Ne5 Nxe5 14.dxe5 Ne4 15.Nxe4 dxe4
16.Qxe4 O-O 17.Be3 Qb5 18.Bd4 b6 19.Bc3 Rd5 20.h4 Qd7 21.g3 b5 22.a3 Bc5
23.Kg2 Rd8 24.Re2 Bd4 25.e6 fxe6 26.Bxd4 Rxd4 27.Qxe6+ Qxe6 28.Rxe6 Rd2 29.b4 Rf8
30.Rf1  1/2-1/2

[Event "Open A"]
[Site "Gjovik NOR"]
[Date "2009.01.02"]
[Round "5"]
[White "Gullaksen,E"]
[Black "Tiviakov,S"]
[Result "0-1"]
[WhiteElo "2400"]
[BlackElo "2686"]

1.e4 c5 2.Nf3 d6 3.Bb5+ Nd7 4.c4 Nf6 5.Nc3 g6 6.O-O Bg7 7.d3 O-O 8.Ne1 Nb6
9.Na4 Nfd7 10.Rb1 a6 11.Bxd7 Nxd7 12.b3 b5 13.Nb2 f5 14.f3 Ne5 15.Nc2 Bd7
16.Be3 fxe4 17.dxe4 Be6 18.f4 Nc6 19.Qd2 Qa5 20.Qxa5 Nxa5 21.Bd2 Nc6 22.Ne3 Rab8
23.Nd3 Bd4 24.cxb5 axb5 25.Rbc1 Ra8 26.Rc2 c4 27.Nc1 Nb4 28.Bxb4 Bxe3+ 29.Kh1 Rxf4
30.Rxf4 Bxf4 31.bxc4 Bxc4 32.Bd2 Rf8 33.Bc3 Be3  0-1

[Event "Masters"]
[Site "Hastings ENG"]
[Date "2009.01.02"]
[Round "6"]
[White "Donovan,N"]
[Black "Rojas Alarcon,J"]
[Result "0-1"]
[WhiteElo "2093"]
[BlackElo "2187"]

1.e4 c5 2.Nf3 d6 3.Bb5+ Bd7 4.Bxd7+ Qxd7 5.O-O Nf6 6.e5 dxe5 7.Nxe5 Qc8 8.Re1 e6
9.b3 Be7 10.Bb2 O-O 11.Qf3 Nfd7 12.Na3 Nxe5 13.Bxe5 Nc6 14.Bb2 Nd4 15.Qg3 Bf6
16.Bxd4 cxd4 17.Rac1 Rd8 18.Nc4 Qc5 19.a4 Rd5 20.d3 g6 21.f4 Rc8 22.Re2 b6
23.Ne5 a6 24.h4 Qf8 25.h5 Bxe5 26.fxe5 Qh6 27.Rf1 Qxh5 28.Qf4 g5 29.Qf6 Rc7
30.g4 Qg6 31.Qxg6+ hxg6 32.Kg2 Kf8 33.Kg3 Rcc5 34.Ref2 Rc7 35.Re2 Ke8 36.Kh3 Kd8
37.Kg3 Rdc5 38.Rff2 Kc8 39.Kf3 Kb7 40.Ke4 Rd5 41.Rf6 Kc6 42.Ref2 Rdd7 43.Rh2 Kc5
44.Rh8 b5 45.axb5 axb5 46.Rb8 Kb4 47.Rf2 Ra7 48.Rc8 Ra1 49.Rf6 Re1+ 50.Kf3 Re3+
51.Kf2 Rxe5  0-1

[Event "38th Rilton Cup 2008-9"]
[Site "Stockholm SWE"]
[Date "2009.01.03"]
[Round "7"]
[White "Krantz,C"]
[Black "Klovans,J"]
[Result "0-1"]
[WhiteElo "2084"]
[BlackElo "2411"]

1.e4 c5 2.Nf3 d6 3.Bb5+ Bd7 4.Bxd7+ Qxd7 5.c4 Nf6 6.Nc3 Nc6 7.d4 cxd4 8.Nxd4 g6
9.f3 Bg7 10.Be3 O-O 11.O-O a6 12.Qd2 Nxd4 13.Bxd4 b5 14.Nd5 Nxd5 15.Bxg7 Kxg7
16.Qxd5 Qa7+ 17.Kh1 bxc4 18.Qxc4 Rfc8 19.Qd3 Qc5 20.Rfd1 Rab8 21.b3 Qa3 22.Qd2 Rc5
23.Rdc1 Rbc8 24.Rxc5 Rxc5 25.Rb1 a5 26.h3 h5 27.Kh2 Qb4 28.Qb2+ f6 29.Rc1 h4
30.a3 Qb8 31.Rxc5 dxc5+ 32.Kg1 a4 33.b4 cxb4 34.axb4 Qb5 35.Qc3 Qd7 36.Kf2 Qa7+
37.Ke2 a3 38.b5 a2 39.Qa1 Qa4 40.b6 Qb5+  0-1

[Event "Open A"]
[Site "Gjovik NOR"]
[Date "2009.01.04"]
[Round "6"]
[White "Tiviakov,S"]
[Black "Geetha Narayanan,G"]
[Result "1/2-1/2"]
[WhiteElo "2686"]
[BlackElo "2548"]

1.e4 c5 2.Nf3 d6 3.Bb5+ Nd7 4.d4 Nf6 5.O-O a6 6.Bxd7+ Nxd7 7.c4 e6 8.Nc3 Be7
9.dxc5 dxc5 10.e5 b6 11.Ne4 Bb7 12.Qe2 Qc7 13.Bf4 O-O-O 14.Rad1 h6 15.Bg3 Qc6
16.Rfe1 Qxe4 17.Qxe4 Bxe4 18.Rxe4 Nb8 19.Rb1 Nc6 20.Kf1 Rd7 21.h4 Rhd8 22.h5 Nd4
23.Nxd4  1/2-1/2

[Event "Masters"]
[Site "Hastings ENG"]
[Date "2009.01.04"]
[Round "8"]
[White "Grant,A"]
[Black "Adair,J"]
[Result "1-0"]
[WhiteElo "2192"]
[BlackElo "2072"]

1.e4 c5 2.Nf3 d6 3.Bb5+ Nd7 4.d4 Nf6 5.Nc3 a6 6.Bxd7+ Nxd7 7.O-O e6 8.Bg5 Qb6
9.Re1 cxd4 10.Nxd4 Ne5 11.Nf3 h6 12.Be3 Qc6 13.Nd4 Qc7 14.f4 Nc4 15.Bf2 Nxb2
16.Qf3 Be7 17.Nf5 O-O 18.Qg3 Bf6 19.e5 dxe5 20.Nxh6+ Kh7 21.Ng4 exf4 22.Nxf6+ gxf6
23.Qh4+ Kg6 24.Qg4+ Kh6 25.Ne4 Qc6 26.Bc5 Bd7 27.Bd6 Qc4 28.Kh1 e5 29.Qh4+ Kg7
30.Qxf6+ Kg8 31.Qg5+  1-0

[Event "38th Rilton Cup 2008-9"]
[Site "Stockholm SWE"]
[Date "2009.01.05"]
[Round "9"]
[White "Stips,F"]
[Black "De Verdier,M"]
[Result "1/2-1/2"]
[WhiteElo "2105"]
[BlackElo "2169"]

1.e4 c5 2.Nf3 d6 3.Bb5+ Bd7 4.Bxd7+ Qxd7 5.c4 Nf6 6.Nc3 g6 7.d4 cxd4 8.Nxd4 Bg7
9.O-O O-O 10.f3 Rc8 11.b3 d5 12.Nxd5 Nxd5 13.cxd5 e6 14.Be3 exd5 15.exd5 Qxd5
16.Qd2 Na6 17.Rac1 Rxc1 18.Rxc1 Rd8 19.Rd1 Nc7 20.Nc2 Qxd2 21.Rxd2 Rxd2 22.Bxd2 Nd5
23.Kf2  1/2-1/2

[Event "Petrovskaya Ladya GM1"]
[Site "Peterhof RUS"]
[Date "2009.01.06"]
[Round "5"]
[White "Kosov,Iv"]
[Black "Savchenko,S"]
[Result "1/2-1/2"]
[WhiteElo "2383"]
[BlackElo "2572"]

1.e4 c5 2.Nf3 d6 3.Bb5+ Bd7 4.Bxd7+ Qxd7 5.c4 Nf6 6.Nc3 g6 7.O-O Bg7 8.d4 cxd4
9.Nxd4 O-O 10.f3 Rc8 11.b3 d5 12.exd5 Nxd5 13.Nxd5 e6 14.Be3 exd5 15.cxd5 Qxd5
16.Qd2 Nc6 17.Rad1 Nxd4 18.Bxd4 Rd8 19.Be3 Qxd2 20.Rxd2 Rxd2 21.Bxd2 Bd4+
22.Kh1 Rc8 23.Rc1 Rxc1+ 24.Bxc1 f6 25.g3 Kf7 26.Kg2 Ke6 27.Kf1 Kd5 28.Ke2 Be5
29.Kd3 h5 30.Be3 a6 31.Bg1 g5 32.g4  1/2-1/2

[Event "Petrovskaya Ladya GM1"]
[Site "Peterhof RUS"]
[Date "2009.01.06"]
[Round "6"]
[White "Trushelyov,V"]
[Black "Fedoseev,Vl3"]
[Result "1/2-1/2"]
[WhiteElo "2354"]
[BlackElo "2344"]

1.e4 c5 2.Nf3 d6 3.Bb5+ Nc6 4.O-O Bd7 5.Re1 Nf6 6.c3 a6 7.Bf1 Bg4 8.h3 Bxf3
9.Qxf3 g6 10.a4 Bg7 11.Na3 O-O 12.Nc2 Nd7 13.d3 b5 14.Bd2 Qb6 15.axb5 axb5
16.Ne3 e6 17.Ng4 Rxa1 18.Rxa1 h5 19.Ne3 b4 20.Nc4 Qb8 21.Bf4 Nde5 22.Nxe5 Nxe5
23.Qd1 bxc3 24.bxc3 Qb2 25.Qc1 Qb3 26.d4 cxd4 27.cxd4 Nd3 28.Bxd3 Qxd3 29.Bxd6 Bxd4
30.Qd1 Qxe4 31.Ra4 e5 32.Bxf8 Kxf8 33.Ra2 g5 34.Re2 Qh4 35.Qd3 g4 36.Qe4 Qg5
37.hxg4 hxg4 38.g3 Qh5 39.Rc2 Qh3 40.Qd3 Kg7 41.Rc7 Qh5 42.Rc1 Qg5 43.Qa3 Qf6
44.Rc2 Qf5 45.Re2 Qb1+ 46.Kg2 Qb7+ 47.Kh2 Qb6 48.Qa4 Qh6+ 49.Kg1 Qc1+ 50.Kg2 Qh6
51.Qa3 Qc6+ 52.Kg1 Qc4 53.Ra2 Qd5 54.Re2 Qb5 55.Kf1 Qc4 56.Qa8 Qc1+ 57.Kg2 Qh6
58.Kg1 Qe6 59.Qe4 Qd7 60.Kg2 Qe6 61.f3 gxf3+ 62.Qxf3 Qg6 63.Re4 f5 64.Rh4 Kf6
65.Qd5 f4 66.Qd6+ Kf7 67.Qd7+ Kf6 68.Qc6+ Kf7 69.Qb7+ Kf6 70.Qa6+ Kf7 71.Qc4+ Kf6
72.Qc6+ Kf7 73.Qd7+ Kf6 74.Rxf4+ exf4 75.Qxd4+ Ke7 76.Qxf4 Qc6+ 77.Kh3 Qh1+
78.Kg4 Qd1+ 79.Kg5 Qd5+ 80.Kh6 Qh1+ 81.Kg6 Qc6+ 82.Kg5 Qd5+ 83.Qf5 Qd2+ 84.Qf4 Qd5+
85.Kg6 Qc6+ 86.Kh5 Qc2 87.g4 Qh7+ 88.Qh6 Qf7+ 89.Qg6 Qf3 90.Kh6 Qh3+ 91.Qh5 Qc3
92.Kh7 Qd3+ 93.Qg6 Qh3+ 94.Kg8 Qb3+ 95.Kh8 Qb8+ 96.Kh7 Qh2+ 97.Qh6 Qc2+ 98.Qg6 Qh2+  1/2-1/2

[Event "Petrovskaya Ladya GM1"]
[Site "Peterhof RUS"]
[Date "2009.01.08"]
[Round "9"]
[White "Trushelyov,V"]
[Black "Yevseev,D"]
[Result "0-1"]
[WhiteElo "2354"]
[BlackElo "2538"]

1.e4 c5 2.Nf3 d6 3.Bb5+ Nc6 4.O-O Bd7 5.c3 Nf6 6.Re1 a6 7.Ba4 b5 8.Bc2 Bg4
9.h3 Bxf3 10.Qxf3 g6 11.d3 Bg7 12.Nd2 O-O 13.Qe2 Nd7 14.Nf3 Rb8 15.Be3 b4
16.Ba4 Qc7 17.Bxc6 Qxc6 18.Qd2 bxc3 19.bxc3 Qb5 20.Bh6 Qb2 21.Qxb2 Rxb2 22.Bxg7 Kxg7
23.e5 Rfb8 24.exd6 exd6 25.c4 Kf6 26.d4 Rc2 27.Rad1 Rbb2 28.dxc5 Nxc5 29.Rxd6+ Kg7
30.Re5 Ne6 31.Ne1 Rxf2 32.Rxa6 Nf4 33.Rb6 Rxa2 34.Ra6 h5 35.Rxa2 Rxa2 36.c5 Ra5
37.Re4 Ne6 38.Nd3 Ra3 39.Nf4 Nxc5 40.Rc4 Nd7 41.Ne2 Ne5 42.Rc3 Ra2 43.Nf4 Rd2
44.Kf1 h4 45.Ne2 Nd3 46.g3 hxg3 47.Nxg3 Nf4 48.Ne4 Rd1+ 49.Kf2 f5 50.Ng5 Kh6
51.Nf7+ Kh5 52.Rc8 Nxh3+ 53.Kg3 Rd3+ 54.Kh2 Re3  0-1

[Event "Open A"]
[Site "Prague CZE"]
[Date "2009.01.10"]
[Round "2"]
[White "Heppell,I"]
[Black "Zanikov,M"]
[Result "0-1"]
[WhiteElo "2165"]
[BlackElo "1817"]

1.e4 c5 2.Nf3 d6 3.Bb5+ Bd7 4.Bxd7+ Qxd7 5.O-O Nc6 6.c3 g6 7.d4 cxd4 8.cxd4 Bg7
9.Nc3 Nf6 10.Qe2 O-O 11.Rd1 Qc7 12.Bg5 Rfe8 13.Rac1 Qb6 14.e5 dxe5 15.dxe5 Ng4
16.Nd5 Qa5 17.b4 Nxb4 18.Qe1 Nxf2 19.Kxf2 Qxa2+ 20.Qe2 Qxe2+ 21.Kxe2 Nxd5
22.Rxd5 f6 23.Be3 fxe5 24.Rd7 a5 25.Rxb7 a4 26.Rc2 a3 27.Ra2 e4 28.Nd2 Rec8
29.Nxe4 Bb2 30.Rxe7 Rc2+ 31.Kd3 Rxg2 32.Rd7 Rxh2  0-1

[Event "6th ch-Mediterranean"]
[Site "Antalya TUR"]
[Date "2009.01.11"]
[Round "1"]
[White "Sedina,E"]
[Black "Sammut,R"]
[Result "1-0"]
[WhiteElo "2380"]
[BlackElo "1826"]

1.e4 c5 2.Nf3 d6 3.Bb5+ Nc6 4.O-O Bd7 5.Re1 Nf6 6.c3 a6 7.Bf1 e6 8.d4 cxd4
9.cxd4 d5 10.e5 Ne4 11.Nc3 Nxc3 12.bxc3 Qc7 13.c4 Ne7 14.c5 Ng6 15.h4 Be7
16.h5 Nf8 17.Bg5 Bc6 18.Bd3 h6 19.Be3 Nh7 20.Qc2 Ng5 21.Nd2 Qd7 22.f4 Ne4
23.Nxe4 dxe4 24.Bxe4 Bh4 25.Rf1 Ba4 26.Qb1 Rb8 27.f5 Bb5 28.Rf3 Be2 29.fxe6 Qxe6
30.Rh3 Bg5 31.c6 Bxe3+ 32.Rxe3 Bxh5 33.c7 Rc8 34.Bf5  1-0

[Event "6th ch-Mediterranean"]
[Site "Antalya TUR"]
[Date "2009.01.11"]
[Round "1"]
[White "Emiroglu,C"]
[Black "Erdogdu,M"]
[Result "0-1"]
[WhiteElo "2079"]
[BlackElo "2460"]

1.e4 c5 2.Nf3 d6 3.Bb5+ Nc6 4.O-O Bd7 5.c3 Nf6 6.Re1 a6 7.Bf1 Bg4 8.h3 Bh5
9.d3 e6 10.Nbd2 Be7 11.Be2 d5 12.Qc2 O-O 13.Nf1 Qc7 14.Bg5 h6 15.Bh4 Bg6
16.Bg3 Bd6 17.Bxd6 Qxd6 18.Ng3 Rad8 19.Bf1 dxe4 20.dxe4 Qf4 21.Qc1 Nh5 22.Qxf4 Nxf4
23.Rad1 Nh5 24.Nxh5 Bxh5 25.g4 Bg6 26.Bd3 Rd7 27.Bc2 Rfd8 28.Rxd7 Rxd7 29.Kf1 Kf8
30.Ke2 Ke7 31.Ke3 f6 32.Rd1 Rc7 33.Nd2 Bf7 34.b3 g5 35.Rh1 b5 36.Nf3 e5 37.h4 b4
38.c4 a5 39.hxg5 hxg5 40.Rh8 Ra7 41.Nd2 Nd4 42.Bd1 Ne6 43.Bc2 Nf8 44.Nf1 a4
45.Ng3 axb3 46.Nf5+ Ke6 47.axb3 Ra8 48.Ng7+ Kd7 49.Bd1 Be6 50.Nh5 Ke7 51.Rh6 Ra1
52.Kd2 Nd7 53.Rh7+ Bf7 54.Ng3 Nf8 55.Nf5+ Ke6 56.Ng7+ Kd7 57.Rh6 Ra2+ 58.Ke3 Bg6
59.Rh8 Ke7 60.Nf5+ Kf7 61.Nd6+ Kg7 62.Rh3 Ne6 63.Nf5+ Bxf5 64.exf5 Nf4 65.Rh1 Rb2
66.Rg1 Rb1 67.Rh1 Rc1 68.Kd2 Rc3 69.Re1 Rd3+ 70.Kc2 Rh3 71.Re3 Rh2 72.Rf3 e4
73.Re3 Rxf2+ 74.Kb1 Rf1 75.Kc2 Rf2+ 76.Kb1 Nd3 77.Rxe4 Rb2+ 78.Ka1 Rd2 79.Bf3 Ne5
80.Be2 Kf7 81.Kb1 Ke7 82.Kc1 Rd8 83.Kc2 Rh8 84.Bd1 Rh3 85.Be2 Kd6 86.Kb2 Rh2
87.Kc1 Rf2 88.Kd2 Rh2 89.Kd1 Rg2 90.Re3 Rf2 91.Rh3 Nc6 92.Rh8 Nd4 93.Re8 Nxb3
94.Re6+ Kd7 95.Rxf6 Nd4 96.Bd3 Rf4 97.Rf7+ Kd6 98.Rg7 Rxg4 99.f6 Ne6 100.Bf5 Rxc4
101.Re7 Nf8 102.Rf7 Rf4 103.Bc8 Ng6 104.Rd7+ Kc6 105.f7 Ne5 106.Re7 Nxf7  0-1

[Event "7th Parsvnath Open"]
[Site "New Delhi IND"]
[Date "2009.01.11"]
[Round "2"]
[White "Manish,M"]
[Black "Negi,P"]
[Result "0-1"]
[WhiteElo "2205"]
[BlackElo "2600"]

1.e4 c5 2.Nf3 d6 3.Bb5+ Nd7 4.Qe2 a6 5.Bxd7+ Bxd7 6.O-O e5 7.c3 Ne7 8.Rd1 g6
9.d4 Bg7 10.dxe5 dxe5 11.Nbd2 b5 12.Nb3 Qc7 13.Bg5 c4 14.Bxe7 Kxe7 15.Nbd2 Rhd8
16.Nf1 Bc6 17.Qe3 Bb7 18.h4 h5 19.Ng3 f6 20.Ne1 Rd6 21.Nc2 Rad8 22.Qe2 Bh6
23.Rxd6 Qxd6 24.Ne3 Qd2 25.Re1 Qxe2 26.Rxe2 Bf4 27.Nc2 Rd1+ 28.Nf1 Rb1 29.Nb4 a5
30.g3 Bc1  0-1

[Event "Open A"]
[Site "Prague CZE"]
[Date "2009.01.13"]
[Round "5"]
[White "Hosticka,F"]
[Black "Hodova,L"]
[Result "0-1"]
[WhiteElo "2178"]
[BlackElo "2093"]

1.e4 c5 2.Nf3 d6 3.Bb5+ Nd7 4.c3 Nf6 5.Qe2 a6 6.Ba4 b5 7.Bc2 e5 8.d4 Be7
9.O-O O-O 10.Re1 Qc7 11.dxe5 dxe5 12.Nbd2 Bb7 13.Nf1 c4 14.Ng3 Nc5 15.Ng5 h6
16.Nh3 Rfd8 17.f3 Nd3 18.Bxd3 cxd3 19.Qf2 b4 20.Be3 bxc3 21.Bb6 Qc4 22.bxc3 d2
23.Red1 Qxc3 24.Rab1 Rd7 25.Nf5 Bf8 26.Be3 Rad8 27.Qe2 Bc6 28.Rb3 Qc2 29.Bb6 Bc5+
30.Nf2 Bb5 31.Rxb5 axb5 32.Bxd8 Rxd8 33.Kf1 b4 34.Ne3 Qxa2 35.Qc4 Qa7 36.Neg4 Nxg4
37.Nxg4 b3 38.Nxe5 b2 39.Ke2 Bf2 40.Qc3 Be1 41.Nd3 Qg1 42.Nxe1 dxe1=Q+ 43.Qxe1 Rxd1  0-1

[Event "TCh-AUT 2nd Bundesliga West 2008-9"]
[Site "Austria AUT"]
[Date "2009.01.17"]
[Round "7"]
[White "Drabke,L"]
[Black "Bromberger,S"]
[Result "1/2-1/2"]
[WhiteElo "2474"]
[BlackElo "2504"]

1.e4 c5 2.Nf3 d6 3.Bb5+ Bd7 4.Bxd7+ Qxd7 5.c4 Nf6 6.Nc3 g6 7.O-O Bg7 8.d4 cxd4
9.Nxd4 O-O 10.f3 Re8 11.b3 d5 12.exd5 Nxd5 13.Nxd5 e6 14.Bh6 exd5 15.Bxg7 Kxg7
16.Nb5  1/2-1/2

[Event "4NCL 2008-9"]
[Site "Sunningdale ENG"]
[Date "2009.01.17"]
[Round "5"]
[White "Wall,G"]
[Black "Palliser,R"]
[Result "0-1"]
[WhiteElo "2302"]
[BlackElo "2406"]

1.e4 c5 2.Nf3 d6 3.Bb5+ Nc6 4.d4 cxd4 5.Qxd4 Bd7 6.Bxc6 bxc6 7.O-O e5 8.Qd3 Qc7
9.Nc3 Be7 10.Rd1 Rd8 11.Qc4 Nf6 12.Bg5 Be6 13.Qa4 O-O 14.Rd3 h6 15.Bh4 g5
16.Bg3 Nd7 17.Re3 a5 18.b3 g4 19.Nh4 Nb6 20.Qxa5 Ra8 21.Qb4 d5 22.Bxe5 Qxe5
23.Qxe7 d4 24.Rg3 dxc3 25.Nf5 Kh7 26.h3 Rfe8 27.Qb7 Rab8 28.Qa7 Qc5 29.Rxg4 Nd7
30.Qxc5 Nxc5 31.f3 Rbd8 32.Rf4 Rd2 33.Ne3 Re2 34.Kf1 Rxe3 35.Kf2 Rd3 36.cxd3 Nxd3+
37.Ke3 Rd8 38.Rh4 Nb4 39.Rc1 Rd3+ 40.Ke2 Rd2+ 41.Ke3 Rd3+ 42.Ke2 Rd2+ 43.Ke3 Nc2+
44.Kf4 Rxg2 45.Ke5 c5 46.f4 c4 47.bxc4 Bxc4 48.a4 Bb3 49.a5 Rg6 50.Rg4 Re6+
51.Kf5 Nd4+  0-1

[Event "TCh-AUT 2nd Bundesliga Ost 2008-9"]
[Site "Austria AUT"]
[Date "2009.01.18"]
[Round "7"]
[White "Franzen,Joz"]
[Black "Steiner,Ad"]
[Result "1-0"]
[WhiteElo "2318"]
[BlackElo "2212"]

1.e4 c5 2.Nf3 d6 3.Bb5+ Bd7 4.Bxd7+ Qxd7 5.c4 Nc6 6.d4 cxd4 7.Nxd4 g6 8.Nc3 Bg7
9.Be3 Nf6 10.f3 O-O 11.Rc1 a6 12.O-O Nxd4 13.Bxd4 b5 14.Nd5 Nxd5 15.cxd5 Bxd4+
16.Qxd4 Rfc8 17.Qb6 Kg7 18.Kf2 f5 19.Kg3 e5 20.Rc6 f4+ 21.Kf2 Rxc6 22.dxc6 Qa7
23.Qxa7+ Rxa7 24.Rd1 Rc7 25.Rxd6 Kf7 26.g3 Ke7 27.Rd5 Rxc6 28.Rxe5+ Kf6 29.gxf4 Rc2+
30.Kg3 Rxb2 31.a4 h6 32.axb5 Rxb5 33.Rxb5 axb5 34.Kf2 g5 35.f5 Ke5 36.Ke3 h5
37.Kd3 h4 38.Kc3 h3 39.Kb4 Kf4 40.f6 Kxf3 41.f7  1-0

[Event "Queenstown Classic"]
[Site "Queenstown NZL"]
[Date "2009.01.18"]
[Round "4"]
[White "Rozentalis,E"]
[Black "Solomon,SJ"]
[Result "1-0"]
[WhiteElo "2590"]
[BlackElo "2460"]

1.e4 c5 2.Nf3 d6 3.Bb5+ Bd7 4.Bxd7+ Qxd7 5.O-O Nc6 6.c4 Nf6 7.Nc3 g6 8.d3 Bg7
9.a3 O-O 10.Rb1 Ne8 11.Bd2 Nc7 12.b4 b6 13.Ne2 f5 14.exf5 gxf5 15.Nf4 e5
16.Nh5 Rae8 17.Nxg7 Qxg7 18.Qa4 Qd7 19.bxc5 dxc5 20.Bc3 Rf6 21.Rbe1 Ne6 22.g3 Ned4
23.Bxd4 cxd4 24.Qb5 e4 25.Qd5+ Qxd5 26.cxd5 Ne5 27.Nxd4 Nxd3 28.Re2 Kf7 29.Ne6 Rc8
30.f3 exf3 31.Ng5+ Kg6 32.Nxf3 Rd8 33.Re3 Nc5 34.Re7 Rxd5 35.Ne5+ Rxe5 36.Rxe5 h5
37.Kg2 Ne4 38.h3 Rc6 39.Rfxf5 Rc3 40.Rf3 Rc2+ 41.Kg1 Ng5 42.Rff5 Nxh3+ 43.Kf1 a5
44.Rxh5 Nf2 45.Rh2 Ng4 46.Re6+ Kf5 47.Rxc2 Kxe6 48.Rc6+ Kd5 49.Rxb6 Kc4 50.Ke2 Ne5
51.a4 Nd3 52.Rb5 Nc1+ 53.Ke3 Nb3 54.g4 Nd4 55.Rxa5 Nc2+ 56.Ke4 Kb4 57.Ra8  1-0

[Event "IMA"]
[Site "Marianske Lazne CZE"]
[Date "2009.01.20"]
[Round "5"]
[White "Babula,M"]
[Black "Wieczorek,O"]
[Result "1/2-1/2"]
[WhiteElo "2298"]
[BlackElo "2265"]

1.e4 c5 2.Nf3 d6 3.Bb5+ Bd7 4.Bxd7+ Qxd7 5.O-O Nf6 6.Re1 Nc6 7.b3 e6 8.Bb2 Be7
9.d4 cxd4 10.Nxd4 O-O 11.Nd2 Rfc8 12.c4 a6 13.Nxc6 Qxc6 14.Rc1 Rd8 15.Nf3 Rac8
16.Qe2 Nd7 17.Qe3 Bf6 18.Bxf6 Nxf6 19.h3 h6 20.a4 Qc5 21.Qxc5 dxc5 22.e5 Nd7
23.Rcd1 Nb8 24.Kf1 Kf8 25.Ke2 Ke7 26.Rxd8 Rxd8 27.Rd1 Rxd1 28.Kxd1 Nc6 29.Kd2 f6
30.exf6+ gxf6 31.Ke3 f5 32.g4 Kf6 33.Kd3 b6 34.Nd2 fxg4 35.Ne4+ Ke7 36.h4 a5
37.Ke3 Nd4 38.Kf4 Nxb3 39.Kxg4 Nd4 40.Kf4 Nc6 41.Nd2 Nb4 42.Kg4 Kf6 43.Kh5 Kg7
44.Ne4 Nd3 45.Nd6 Nxf2 46.Nc8 Nd3 47.Nxb6 Ne5 48.Na8 Nxc4 49.Nc7 Kf6 50.Kxh6 Ne3
51.Na6 c4 52.Nc5 Nd5 53.Nb7 c3 54.Nxa5 Nb6 55.Nb3 Nxa4 56.Kh5 Kf5 57.Nd4+ Ke4
58.Nc2 Kf5 59.Nd4+ Ke5 60.Nc2 Kf6 61.Kg4 Nc5 62.h5 Nb3 63.Kf4 e5+ 64.Ke3 Nc5
65.Nb4 Kg5 66.Nd5 Na4 67.Nb4 Nc5 68.Nd5 Ne4 69.Kd3 Kxh5 70.Ne3 Ng3 71.Kxc3 Kg5
72.Nd5 Kg4 73.Kd3 Kf3 74.Nf6 Nf1 75.Ne4 Kf4 76.Nf6 Ng3 77.Kd2 Kf3 78.Kd3 Ne2
79.Kd2 Nd4 80.Kd3 Nb3 81.Kc4 Na5+ 82.Kd5 Kf4 83.Nh5+ Kg5 84.Kxe5 Kxh5  1/2-1/2

[Event "Queenstown Classic"]
[Site "Queenstown NZL"]
[Date "2009.01.20"]
[Round "6"]
[White "Matheson,L"]
[Black "Post,Mar"]
[Result "1/2-1/2"]
[WhiteElo "1943"]
[BlackElo "2094"]

1.e4 c5 2.Nf3 d6 3.Bb5+ Bd7 4.Bxd7+ Qxd7 5.O-O Nc6 6.c3 e6 7.d4 Nf6 8.Re1 Be7
9.d5 Na5 10.b3 O-O 11.Bb2 b5 12.Na3 exd5 13.exd5 Qb7 14.Qe2 Rfe8 15.Qxb5 Qxb5
16.Nxb5 Nxd5 17.c4 a6 18.Nxd6 Bxd6 19.cxd5 Nb7 20.Nd2 f6 21.Nc4 Bc7 22.Ba3 Rad8
23.Rxe8+ Rxe8 24.Kf1 Kf7 25.Rd1 Be5 26.Nxe5+ Rxe5 27.b4 c4 28.d6 Ke6 29.d7 Rd5
30.Rxd5 Kxd5 31.Ke2 Kc6 32.Ke3 Kxd7 33.Kd4 Nd6 34.Bc1 g5 35.f3 Nf5+ 36.Kxc4 Nh4
37.Kc5 Kc7 38.Bb2 Nxg2 39.Bxf6 Ne1 40.Bxg5 Nxf3 41.Bf4+ Kb7 42.a4 Ne1 43.Kd5 Nd3
44.Bd2 Nb2 45.b5 Nxa4 46.bxa6+ Kxa6 47.Ke5 Nc5 48.h4 Kb7 49.h5 Kc6 50.Be3 Nd3+
51.Kf6 Kd6 52.Kg7 Ke6 53.Kxh7 Kf7 54.Kh6 Ne5 55.Bd4 Nd7 56.Bc3 Nf8 57.Kg5 Ne6+
58.Kg4 Kg8  1/2-1/2

[Event "ch-PriFO"]
[Site "Kazan RUS"]
[Date "2009.01.21"]
[Round "1"]
[White "Abdullin,R"]
[Black "Sidorov,A"]
[Result "1/2-1/2"]
[WhiteElo "2131"]
[BlackElo "2436"]

1.e4 c5 2.Nf3 d6 3.Bb5+ Bd7 4.Bxd7+ Qxd7 5.O-O Nc6 6.c3 Nf6 7.d4 cxd4 8.cxd4 d5
9.e5 Ne4 10.Ne1 h6 11.f3 Ng5 12.Be3 e6 13.Nd3 Be7 14.Qe1 f6 15.Nd2 Nf7 16.exf6 Bxf6
17.Nc5 Qe7 18.Qf2 O-O 19.Nd3 Nd6 20.f4 Nc4 21.Nxc4 dxc4 22.Ne5 Nxe5 23.fxe5 Bxe5
24.Qe2 Bc7 25.Qxc4 Qd6 26.g3 Bb6 27.Rad1 Rad8 28.Rxf8+ Kxf8 29.Kg2 Kg8 30.Bf2 Kf7
31.Re1 Qd5+ 32.Qxd5 Rxd5 33.Re4 Ra5 34.a3 Rb5 35.b4 Rd5 36.Kf3 a5 37.Ke2 axb4
38.axb4 Bc7 39.Kd3 Rh5 40.h4 Rf5 41.Ke2 Rb5 42.Be1 Bd6 43.Re3 h5 44.Rb3 Rd5
45.Rd3 Ke8 46.Kf3 Kd7 47.g4 hxg4+ 48.Kxg4 g6 49.Kf3 Rf5+ 50.Ke2 Kc6 51.Bg3 Bxb4
52.Re3 Kd5 53.Rb3 Kc4 54.Re3 Rf6 55.Be5 Rf5 56.Rg3 Rh5 57.Rxg6 Rxh4 58.Rxe6 Ba5
59.Re8 Kb5 60.Kd3 b6 61.Rc8 Bb4 62.d5 Rh1 63.Ke4 Rd1 64.Rc2 Bc5 65.Rc3 Bb4  1/2-1/2

[Event "1st Open"]
[Site "Gurgon IND"]
[Date "2009.01.23"]
[Round "4"]
[White "Mishra,So"]
[Black "Neelotpal,D"]
[Result "1/2-1/2"]
[WhiteElo "2296"]
[BlackElo "2490"]

1.e4 c5 2.Nf3 d6 3.Bb5+ Nd7 4.d4 Nf6 5.Nc3 cxd4 6.Qxd4 e5 7.Qd3 h6 8.Be3 a6
9.Bc4 b5 10.Bb3 Bb7 11.a4 Qa5 12.O-O b4 13.Nd5 Nxd5 14.Bxd5 Bxd5 15.exd5 Be7
16.Qc4 f5 17.Qc6 Qd8 18.Bb6 Qc8 19.Bc7 Ra7 20.Bxd6 Qxc6 21.dxc6 Bxd6 22.cxd7+ Kxd7
23.Rad1 Kc6 24.Rfe1 Re7 25.Nh4 Rf7 26.Nf3 Re8 27.Nd4+ Kc7 28.Nb3 Rd8 29.Rd5 e4
30.Red1 Be7 31.Kf1 Rf6 32.Rxd8 Bxd8 33.Na5 Kc8 34.Nc4 Bc7 35.h4 g6 36.Rd5 Rc6  1/2-1/2

[Event "ch-PriFO"]
[Site "Kazan RUS"]
[Date "2009.01.23"]
[Round "3"]
[White "Abdullin,R"]
[Black "Gerasimov,I"]
[Result "1-0"]
[WhiteElo "2131"]
[BlackElo "2342"]

1.e4 c5 2.Nf3 d6 3.Bb5+ Bd7 4.Bxd7+ Nxd7 5.O-O Ngf6 6.Re1 Rc8 7.c3 e6 8.d4 cxd4
9.cxd4 d5 10.exd5 Nxd5 11.Nc3 N7b6 12.Nxd5 Qxd5 13.Ng5 Nd7 14.Qh5 g6 15.Qg4 Bg7
16.Nf3 O-O 17.Qh4 Rfe8 18.Bh6 Bh8 19.Re2 Rc4 20.Rae1 Rec8 21.h3 Bf6 22.Bg5 Bg7
23.Bh6 Bxh6 24.Qxh6 Rc2 25.b3 Qa5 26.a4 Qd5 27.Ng5 Nf6 28.Ne4 Qxd4 29.Qf4 Nxe4
30.Rxe4 Qd2 31.R1e3 Rc1+ 32.Kh2 R1c2 33.Kg3 R2c3 34.Rd4 Rxe3+ 35.fxe3 Qe1+
36.Kh2 Rf8 37.Rd7 Qa5 38.Rxb7 Qd5 39.Rb5 Qd8 40.Rb7 a6 41.Qe5 Qc8 42.Rb4 Rd8
43.Rc4 Qb7 44.b4 Rd2 45.e4 Rd8 46.b5 axb5 47.axb5 Qb8 48.Qxb8 Rxb8 49.Rb4 e5
50.Kg3 Rb6 51.Kf3 Kf8 52.Ke3 Ke7 53.Kd3 Rd6+ 54.Kc3 Kd7 55.b6 Rc6+ 56.Kb3 Rc8
57.b7 Rb8 58.Kc4 Kc6 59.g4 f6 60.h4 h5 61.gxh5 gxh5 62.Rb2 Kd6 63.Rb6+ Kc7
64.Kc5 f5 65.exf5 e4 66.f6 e3 67.f7 e2 68.Re6 Rf8 69.Re7+ Kb8 70.Kb6  1-0

[Event "ch-PriFO"]
[Site "Kazan RUS"]
[Date "2009.01.23"]
[Round "3"]
[White "Dubov,Danil"]
[Black "Sidorov,A"]
[Result "1-0"]
[WhiteElo "2116"]
[BlackElo "2436"]

1.e4 c5 2.Nf3 d6 3.Bb5+ Nd7 4.d4 cxd4 5.Qxd4 a6 6.Bxd7+ Bxd7 7.O-O Qc7 8.Nc3 e6
9.Bg5 Ne7 10.Bxe7 Kxe7 11.Rad1 Ke8 12.Rfe1 Rc8 13.Qe3 Be7 14.Nd4 Qc5 15.Qg3 Qg5
16.Qd3 h5 17.Nf3 Qc5 18.Nd4 h4 19.h3 Rh6 20.Kh1 Rg6 21.f4 b5 22.f5 Rg3 23.Nf3 b4
24.fxe6 fxe6 25.Ne2 Bb5 26.Qd2 Bxe2 27.Rxe2 e5 28.Rf1 a5 29.Nh2 Qc4 30.Ng4 Rc5
31.Ne3 Qe6 32.Nd5 Bg5 33.Qd1 Qg6 34.c3 Bf4 35.Qa4+ Kf8 36.Qd7 Rxd5 37.Qc8+ Qe8
38.Qxe8+ Kxe8 39.exd5 Kd7 40.Rf3 Rg5 41.cxb4 axb4 42.Rb3 Rf5 43.Rxb4 Bg3
44.Kg1 e4 45.Rexe4 Rxd5 46.Kf1 Rd2 47.a4 Rf2+ 48.Ke1 Rxb2+ 49.Kd1 Ra2 50.Re2 Ra1+
51.Kc2 Ra2+ 52.Kd3 Ra3+ 53.Ke4 g6 54.Kd5 Be5 55.Rc2 Rd3+ 56.Kc4 Rd1 57.Kb5 Bd4
58.a5 g5 59.a6 d5 60.Rxd4  1-0

[Event "Queenstown Classic"]
[Site "Queenstown NZL"]
[Date "2009.01.23"]
[Round "9"]
[White "Hecht,HJ"]
[Black "Van der Elburg,F"]
[Result "1-0"]
[WhiteElo "2394"]
[BlackElo "2277"]

1.Nf3 d6 2.e4 c5 3.Bb5+ Nc6 4.O-O a6 5.Bxc6+ bxc6 6.Re1 e5 7.c3 Be6 8.d4 f6
9.Be3 Nh6 10.Bxh6 gxh6 11.dxc5 dxc5 12.Nbd2 Be7 13.Qe2 O-O 14.Nc4 Qc7 15.Nh4 Rf7
16.Nf5 Bf8 17.Rad1 Kh8 18.b3 Rd8 19.Rxd8 Qxd8 20.Rd1 Rd7 21.Rxd7 Qxd7 22.Nfe3 Qd8
23.Qd2 Qxd2 24.Nxd2 Bd6 25.Nf5 Bc7 26.Nc4 Kg8 27.Kf1 h5 28.Ke2 Bxc4+ 29.bxc4 Kf7
30.Kd3 Bd8 31.Kc2 Bc7 32.Kb3 Bd8 33.Kb2 Bc7 34.Kc1 Bd8 35.Kd2 Bc7 36.Nh4 Bd8
37.g3 Bc7 38.Ng2 Bd8 39.f4 Bc7 40.f5 Bd6 41.Ke2 Bc7 42.Ne1 Bd6 43.Nd3 Bf8
44.Kf3 Kg7 45.Nc1 Kf7 46.Nb3 Ke8 47.Kg2 Kf7 48.Kh3 Kg7 49.Kh4 Kh6 50.Na5 Be7
51.Nxc6 Bd6 52.Nd8 Be7 53.Ne6 Bd6 54.Kh3  1-0

[Event "Queenstown Classic"]
[Site "Queenstown NZL"]
[Date "2009.01.23"]
[Round "9"]
[White "Levi,Ed"]
[Black "Motoc,A"]
[Result "1-0"]
[WhiteElo "2219"]
[BlackElo "2358"]

1.e4 c5 2.Nf3 d6 3.Bb5+ Nc6 4.O-O Bd7 5.c3 Nf6 6.Re1 a6 7.Bxc6 Bxc6 8.d4 Bxe4
9.Bg5 Bd5 10.Nbd2 e6 11.c4 Bxf3 12.Qxf3 cxd4 13.Qxb7 Qc8 14.Qb6 Qc5 15.Qb7 Qc8
16.Qb6 Nd7 17.Qxd4 Qc5 18.Qh4 Ne5 19.Rad1 Ng6 20.Qg3 h6 21.Qf3 Qc8 22.Bf4 e5
23.c5 Nxf4 24.Qxf4 Qxc5 25.Qa4+ Qb5 26.Qe4 Rd8 27.a4 Qd7 28.Nc4 f5 29.Qd5 Be7
30.Nxe5 dxe5 31.Qxe5 Qb7 32.Qxg7 Rf8 33.Qg6+ Rf7 34.Rxd8+  1-0

[Event "TCh-HUN 2008-9"]
[Site "Budapest HUN"]
[Date "2009.01.25"]
[Round "6"]
[White "Sziraki,T"]
[Black "Kahn,E"]
[Result "1-0"]
[WhiteElo "2303"]
[BlackElo "2297"]

1.e4 c5 2.Nf3 d6 3.Bb5+ Nd7 4.d4 cxd4 5.Qxd4 a6 6.Bxd7+ Bxd7 7.Nc3 e6 8.Bg5 f6
9.Be3 Ne7 10.Qxd6 Nd5 11.Qg3 Nxe3 12.fxe3 Qb6 13.O-O-O Qxe3+ 14.Kb1 Qb6 15.Rd3 Rd8
16.Rhd1 g6 17.e5 f5 18.Ng5 Be7 19.Nxh7 Rxh7 20.Qxg6+ Rf7 21.Nd5 Qa5 22.b4 Qa4
23.Qg8+ Bf8 24.Nc7+  1-0